000 00451pab a2200169 454500
008 180718b1988 xxu||||| |||| 00| 0 eng d
100 _aSahay, Surottam N.
245 _aAn econometric analysis of workers participation in unions
260 _c1988
300 _a61-71
362 _aJan.-Mar.
650 _aLabour Unions - India
700 _aHedley J.B. Ress
700 _aRamesh P. Sinha
773 _aIndian Economic Journal
909 _a11992
999 _c11992
_d11992